000
00322 a2200157 4500
001
68444
020
_a
9781108772570
040
_c
Anchieta - Pituba
100
_a
Lewis, Samantha
240
1
0
_a
Own it 3
_l
245
1
0
_a
Own it 3
300
_a
143
362
0
_a
2020
650
4
_a
Inglês e inglês antigo
942
_c
BK
999
_c
68444
_d
68444